LEADER 01505nam a2200325 a 4500 001 000000126812 003 CaOOAMICUS 005 20111104134644.0 008 111104s2011 it aodf u000 u ita r 020 $a978-88-12-00043-2 040 $aPUL$bita 082 04$a945.083 245 02$aL'unificazione italiana. 260 $aRoma :$bIstituto della Enciclopedia Italiana fondata da Giovanni Treccani,$c©2011. 300 $aXXIII, 783 p. :$bill., foto., grafici, tav. ;$c29 cm 500 $aInclude indice e riferimenti bibliografici. 500 $aSul front.: Volume pubblicato con il contributo di Aspen Institute Italia. 650 4$aRisorgimento$zItalia$xStoria.$0(OLS)http://pul/subject/19092 651 4$aItalia$xStoria$ySec. XIX-XX.$0(OLS)http://pul/subject/7658 710 2 $aAspen Institute Italia.$0(OLS)http://pul/name/80896 850 $aPUL 852 $aPUL$W1$xSL Cons. Gen., Altre Classi 3$y75$m945. 083 SABGI 1$j146636$qDDC 21$B145334$CPULBib$Z2$F145334 $H117779 $82 941 1 $a9 960 $aItalia$xStoria$yRisorgimento, 1815-1870$919092 960 $aItalia$xStoria$yRisorgimento, 1815-1870$919092 996 $6020$a978-88-12-00043-2$9(OLS)http://pul/number/148368 996 $6082$a945.083$9(OLS)http://pul/classification/1869 996 $6245$aL'unificazione italiana$9(OLS)http://pul/title/160202 996 $6260$aRoma :$bIstituto della Enciclopedia Italiana fondata da Giovanni Treccani$9(OLS)http://pul/publisher/50662 LEADER 01455naa a2200253 u 4500 001 000000094279 003 CaOOAMICUS 005 20070226130137.0 008 010830s1995 fr u000 u eng u 035 $a10900616 040 $aPUL(R)$bita 100 1 $aBeyerlin, Ulrich.$0(OLS)http://pul/name/60623 245 14$aThe protection of environment in the context of chemical weapons destruction /$cUlrich Beyerlin and Thilo Marauhn. 260 $a[S. l. :$bs. n.],$c1995. 300 $aP. [187-211] 504 $aBibliografia in nota. 610 24$aOrganization for the prohibition of chemical weapons.$0(OLS)http://pul/subject/30115 650 4$aDisarmo.$0(OLS)http://pul/subject/18878 650 4$aEcologia.$0(OLS)http://pul/subject/9850 700 1 $aMarauhn, Thilo.$0(OLS)http://pul/name/60624 773 0 $aAcadémie de droit international.$tColloque = Workshop$g1994 773 0 $aAcadémie de droit international.$tLa Convention sur l'interdiction et l'élimination des armes chimiques : une percée dans l'enterprise multilatérale du désarmement : Colloque, La Haye, 24-26 novembre 1994 = The convention of the prohibition and eliminations of chemical weapons : a breakthrough in multilateral disarmament : Workshop, The Hague, 24-26 november 1994$w()61055 996 $6245$aThe protection of environment in the context of chemical weapons destruction$9(OLS)http://pul/title/121142 996 $6260$a[S. l. :$bs. n.]$9(OLS)http://pul/publisher/47882 LEADER 01278nam a2200313 u 4500 001 000000055859 003 CaOOAMICUS 005 20070226120417.0 008 010322s1992 it u000 u ita u 020 $a8879990012 035 $a10869804 040 $aPUL(R)$bita 041 1 $aita$hlat 130 0 $aRhetorica ad Herennium.$lItaliano.$kGruppi, scelte.$0(OLS)http://pul/title/74772 245 10$aComplemento de La retorica a Gaio Erennio /$cFilippo Cancelli. 250 $a2. ed. 260 $aRoma :$bAracne,$c1992. 300 $a137 p. ;$c21 cm 500 $aSul front.: Arnoldo Mondadori Editore. 630 04$aRhetorica ad Herennium.$0(OLS)http://pul/subject/22620 700 1 $aCancelli, Filippo.$0(OLS)http://pul/name/29614 700 1 $aCicero, Marcus Tullius,$d106-43 a.C.$kOpere spurie e dubbie.$0(OLS)http://pul/name/39249 850 $aPUL 852 $aPUL$W1$xSL Diritto e Scienze Sociali 1$y4$m188 D 26$j73387$nBK-PRI$b $qStampati$B73387$CPULBib$Z2$F73387 $H $81 941 1 $a8 961 $aINV: 72966 996 $6020$a8879990012$9(OLS)http://pul/number/70322 996 $6245$aComplemento de La retorica a Gaio Erennio$9(OLS)http://pul/title/74773 996 $6260$aRoma :$bAracne$9(OLS)http://pul/publisher/62189